Profitability, accountability and social responsibility of public enterprises (Record no. 356045)

000 -LEADER
fixed length control field 00467cam a22001337a 4500
008 - FIXED-LENGTH DATA ELEMENTS--GENERAL INFORMATION
fixed length control field 180718b1980 xxu||||| |||| 00| 0 eng d
082 ## - DEWEY DECIMAL CLASSIFICATION NUMBER
Classification number U6x54 V919
100 ## - MAIN ENTRY--PERSONAL NAME
Personal name Virmani, M.R.
245 ## - TITLE STATEMENT
Title Profitability, accountability and social responsibility of public enterprises
Statement of responsibility, etc. by M.R. Virmani
260 ## - PUBLICATION, DISTRIBUTION, ETC.
Place of publication, distribution, etc. Delhi
Name of publisher, distributor, etc. Centre for Public Sector Studies
Date of publication, distribution, etc. 1980
300 ## - PHYSICAL DESCRIPTION
Extent 214p.
650 ## - SUBJECT ADDED ENTRY--TOPICAL TERM
Topical term or geographic name entry element Government business enterprises - India
650 ## - SUBJECT ADDED ENTRY--TOPICAL TERM
Topical term or geographic name entry element Public sector enterprises - India
Holdings
Withdrawn status Lost status Damaged status Not for loan Permanent Location Current Location Date acquired Full call number Barcode Date last seen Price effective from Koha item type
        Indian Institute of Public Administration Indian Institute of Public Administration 1993-12-30 U6x54 V919 56415 2018-07-21 2018-07-21 Book

Powered by Koha